How to be like women of influencs : (Record no. 106040)

MARC details
000 -LEADER
fixed length control field 00714nam a2200241 i 4500
001 - CONTROL NUMBER
control field C2-0302392
003 - CONTROL NUMBER IDENTIFIER
control field PPAK
005 - DATE AND TIME OF LATEST TRANSACTION
control field 20180728083434.0
008 - FIXED-LENGTH DATA ELEMENTS--GENERAL INFORMATION
fixed length control field 100125s1940 flu |||| ||||| | eng d
020 ## - INTERNATIONAL STANDARD BOOK NUMBER
International Standard Book Number 9780757300547
040 ## - CATALOGING SOURCE
Original cataloging agency PPAK
Language of cataloging eng
Transcribing agency PPAK
Description conventions rda
082 04 - DEWEY DECIMAL CLASSIFICATION NUMBER
Classification number 305.4
Edition number 23
090 00 - LOCALLY ASSIGNED LC-TYPE CALL NUMBER (OCLC); LOCAL CALL NUMBER (RLIN)
Classification number (OCLC) (R) ; Classification number, CALL (RLIN) (NR) 305.4
Feature heading WIL
Feature heading LCK
100 1# - MAIN ENTRY--PERSONAL NAME
Personal name Williams, Pat.,
Relator term author
245 10 - TITLE STATEMENT
Title How to be like women of influencs :
Remainder of title life lessons from 20 of the greatest.
264 #1 - PRODUCTION, PUBLICATION, DISTRIBUTION, MANUFACTURE, AND COPYRIGHT NOTICE
Place of production, publication, distribution, manufacture Florida :
Name of producer, publisher, distributor, manufacturer Health Communications, Inc ,
Date of production, publication, distribution, manufacture, or copyright notice 1940
300 ## - PHYSICAL DESCRIPTION
Extent xviii, 358 pages ;
Dimensions 21 cm
336 ## - CONTENT TYPE
Source rdacontent
Content type term text
337 ## - MEDIA TYPE
Source rdamedia
Media type term unmediated
338 ## - CARRIER TYPE
Source rdacarrier
Carrier type term volume
650 10 - SUBJECT ADDED ENTRY--TOPICAL TERM
Topical term or geographic name entry element Women- life skills guides.
942 ## - ADDED ENTRY ELEMENTS (KOHA)
-- dc
Koha item type Book
Holdings
Withdrawn Not for loan Current library Shelving location Date acquired Total Checkouts Full call number Barcode Date last seen Date last checked out Koha item type
    Perpustakaan Alor Setar American Corner 25/01/2010 1 LCK 305.4 WIL A00862791 12/12/2019 04/12/2019 Book